000 01738nam0a2200313 4500
001 RU\NLR\bibl\846888
005 20260406122839.0
010 _a5-17-029169-8
_95000
021 _aRU
_b2005-54751
_92676
035 _a(NLR Aleph) 000835662
090 _a1388567
_c1388567
100 _a20050930d2005 |||y0rusy50 ca
101 0 _arus
102 _aRU
105 _aa |||||||||
200 1 _aИстория московских районов
_eэнциклопедия
_fВсерос. науч. и культур.-просветит. об-во "Энциклопедия Рос. деревень", Правительство Москвы, Глав. архив. упр. г. Москвы, Рос. акад. с.-х. наук, Всерос. ин-т аграр. проблем и информатики им. А.А. Никонова
_gпод ред. К.А. Аверьянова
210 _aМосква
_cАСТ
_cАстрель
_d2005
215 _a830, [1] с., [16] л. ил.
_d21
320 _aБиблиогр.: с. 770-782
320 _aУказ.: с. 783-822
607 _aМосква, город
_jЭнциклопедии
_xРайоны
_xИстория
_92352426
_3RU\NLR\auth\661405330
686 _aТ3(2-2М)я20
702 1 _4340
_aАверьянов
_bК. А.
_f1959-
_gКонстантин Александрович
_9142995
_3RU\NLR\AUTH\770143031
712 0 2 _4570
_a"Энциклопедия российских деревень", всероссийское научно-исследовательское и культурно-просветительское общество
_3RU\NLR\AUTH\8815533
_9304253
801 0 _aRU
_bNLR
_c20050930
_grcr
801 1 _aRU
_bNLR
_c20050930
942 _cBOOK
980 _aNB